| 000 | 00936nam a22002297a 4500 | ||
|---|---|---|---|
| 003 | OSt | ||
| 005 | 20150408114114.0 | ||
| 008 | 130202s2012 sy ||||g b 00| 0 ara d | ||
| 040 |
_aMU _bara |
||
| 082 | 0 | 4 |
_221 _a212 _bإ ت م |
| 100 | 1 |
_aإيزوتسو، توشيهيكو، _d1914-1993 _920396 |
|
| 245 | 1 | 2 |
_aالمفهومات الأخلاقية الدينية في القرآن / _cتوشي هيكو إيزوتسو ؛ ترجمة عيسى علي العاكوب. |
| 250 | _aط. 1. | ||
| 260 |
_aحلب، سوريا : _aحولي، الكويت، _bدار الملتقى ؛ _bدار الشروق، _c2012. |
||
| 300 |
_a406 ص. ؛ _c24 سم. |
||
| 504 | _aببليوجرافية : ص. 405-406. | ||
| 650 | 4 | _aالأخلاق الإسلامية. | |
| 650 | 4 |
_aالقرآن والتربية. _915339 |
|
| 650 | 4 | _aالتربية الإسلامية. | |
| 700 | 1 |
_aالعاكوب، عيسى علي _eمترجم. _920397 |
|
| 942 |
_2ddc _cDVD |
||
| 999 |
_c27401 _d261901 |
||